000 00705nam a2200205 i 4500
001 36486
003 ES-MaACL
005 20230906155359.0
007 t|
008 030218s1970 mx ||||1| spa d
100 1 _aBrandwein, Paul F.
_931359
245 1 0 _aQuímica
_b: la materia, sus formas y sus cambios /
_cPaul F. Brandwein, Robert Stollberg, R. Will Burnet ; [traducida por: Xorge A. Domínguez Sepúlveda].
250 _a1ª ed.
260 _aMéxico :
_bCultural,
_c1970.
300 _aXII, 562 p. :
_bil. ;
_c24 cm.
700 1 _aStollberg, Robert.
_9108292
700 1 _aBurnet, R. Will.
_932735
700 1 _aDomínguez Sepúlveda, Xorge A.
_945251
852 _aES-MaACL
_jC-44048
_bR.76615
999 _c36486
_d36486